All Unova Pokemon - Statistics

General Stats
  • This quiz has been taken 114 times
    113 since last reset
  • The average score is 113 of 156
Answer Stats
Hint Answer % Correct
#495 Snivy
96%
#500 Emboar
95%
#501 Oshawott
95%
#503 Samurott
95%
#498 Tepig
95%
#494 Victini
95%
#643 Reshiram
93%
#502 Dewott
91%
#499 Pignite
91%
#497 Serperior
91%
#496 Servine
91%
#521 Unfezant
91%
#506 Lillipup
89%
#504 Patrat
89%
#644 Zekrom
89%
#507 Herdier
88%
#646 Kyurem
88%
#515 Panpour
88%
#511 Pansage
88%
#513 Pansear
88%
#514 Simisear
88%
#508 Stoutland
88%
#505 Watchog
88%
#519 Pidove
86%
#516 Simipour
86%
#512 Simisage
86%
#520 Tranquill
86%
#638 Cobalion
84%
#529 Drilbur
84%
#530 Excadrill
84%
#540 Sewaddle
82%
#523 Zebstrika
82%
#610 Axew
80%
#522 Blitzle
80%
#609 Chandelure
80%
#612 Haxorus
80%
#647 Keldeo
80%
#542 Leavanny
80%
#517 Munna
80%
#518 Musharna
80%
#639 Terrakion
80%
#640 Virizion
80%
#633 Deino
79%
#635 Hydreigon
79%
#552 Krokorok
79%
#553 Krookodile
79%
#524 Roggenrola
79%
#551 Sandile
79%
#539 Sawk
79%
#538 Throh
79%
#634 Zweilous
79%
#621 Druddigon
77%
#587 Emolga
77%
#611 Fraxure
77%
#526 Gigalith
77%
#599 Klink
77%
#601 Klinklang
77%
#545 Scolipede
77%
#541 Swadloon
77%
#642 Thundurus
77%
#543 Venipede
77%
#531 Audino
75%
#525 Boldore
75%
#534 Conkeldurr
75%
#578 Duosion
75%
#533 Gurdurr
75%
#600 Klang
75%
#645 Landorus
75%
#536 Palpitoad
75%
#509 Purrloin
75%
#579 Reuniclus
75%
#577 Solosis
75%
#544 Whirlipede
75%
#562 Yamask
75%
#566 Archen
73%
#649 Genesect
73%
#574 Gothita
73%
#510 Liepard
73%
#607 Litwick
73%
#537 Seismitoad
73%
#532 Timburr
73%
#583 Vanillish
73%
#582 Vanillite
73%
#567 Archeops
71%
#563 Cofagrigus
71%
#576 Gothitelle
71%
#575 Gothorita
71%
#608 Lampent
71%
#602 Tynamo
71%
#584 Vanilluxe
71%
#614 Beartic
70%
#565 Carracosta
70%
#555 Darmanitan
70%
#554 Darumaka
70%
#604 Eelektross
70%
#648 Meloetta
70%
#619 Mienfoo
70%
#620 Mienshao
70%
#561 Sigilyph
70%
#564 Tirtouga
70%
#641 Tornadus
70%
#535 Tympole
70%
#615 Cryogonal
68%
#613 Cubchoo
68%
#571 Zoroark
68%
#570 Zorua
68%
#628 Braviary
66%
#632 Durant
66%
#603 Eelektrik
66%
#631 Heatmor
66%
#625 Bisharp
64%
#589 Escavalier
64%
#623 Golurk
64%
#616 Shelmet
64%
#581 Swanna
64%
#568 Trubbish
64%
#580 Ducklett
63%
#592 Frillish
63%
#593 Jellicent
63%
#588 Karrablast
63%
#549 Lilligant
63%
#624 Pawniard
63%
#528 Swoobat
63%
#637 Volcarona
63%
#527 Woobat
63%
#617 Accelgor
61%
#550 Basculin
61%
#585 Deerling
61%
#569 Garbodor
61%
#636 Larvesta
61%
#630 Mandibuzz
61%
#627 Rufflet
61%
#547 Whimsicott
61%
#546 Cottonee
59%
#556 Maractus
59%
#586 Sawsbuck
59%
#558 Crustle
57%
#622 Golett
57%
#595 Joltik
57%
#560 Scrafty
57%
#559 Scraggy
57%
#557 Dwebble
55%
#596 Galvantula
55%
#591 Amoongus
54%
#626 Bouffalant
54%
#573 Cinccino
54%
#572 Minccino
54%
#629 Vullaby
54%
#590 Foongus
50%
#618 Stunfisk
50%
#597 Ferroseed
48%
#598 Ferrothorn
48%
#594 Alomomola
46%
#605 Elgyem
46%
#606 Beheeyem
45%
#548 Petilill
43%
No matching quizzes found
Score Distribution
Percent of People with Each Score
Percentile by Number Answered
Your Score History
You have not taken this quiz since the last reset